LEADER 01391nam0-2200325---450- 001 990005791090403321 005 20090923145548.0 035 $a000579109 035 $aFED01000579109 035 $a(Aleph)000579109FED01 035 $a000579109 100 $a19990604e19681968km-y0itay50------ba 101 0 $ager 102 $aBE 105 $ay-------001yy 200 1 $aJohann Gottfried Christian Kiesewetter's Darstellung der wichtigsten Wahrheiten der kritischen Philosophie$eVierte verbesserte Ausgabe und vermehrt durch einen gedrängten Auszug aus Kant's Critik der reinen Vernunft und einer Ubersicht der vollständigen Literatur der Kant'schen Philosophie : Nebst einer Lebensbeschreibung des Verfassers$f[Johann Gottfried Christian Kiesewetter] 210 $aBruxelles$cCulture et Civilisation$d1968 215 $a2 v. in 1$d19 cm 225 1 $aAetas Kantiana$v146 324 $aRipr. facs. dell'ed.: Berlin : Flitternersche Buchhandlung, 1824 610 0 $aKant, Immanuel 676 $a193 700 1$aKiesewetter,$bJohann Gottfried Carl Christian$f<1766-1819>$0220536 801 0$aIT$bUNINA$gRICA$2UNIMARC 901 $aBK 912 $a990005791090403321 952 $aP.17D KANT/S 335$bBIBL. 2638$fFLFBC 959 $aFLFBC 996 $aJohann Gottfried Christian Kiesewetter's Darstellung der wichtigsten Wahrheiten der kritischen Philosophie$9569119 997 $aUNINA